banner-ar

PERSONAL ADJUSTMENT: AN APPROACH THROUGH THE STUDY OF HEALTHY PERSONALITY / (Record no. 14985)

MARC details
000 -الفاتح
حقل البيانات ثابتة الطول 00561nam a2200193Ia 4500
008 - عناصر البيانات ثابتة الطول - معلومات عامة
حقل البيانات ثابتة الطول 140319s9999 xx 000 0 eng d
040 ## - مصدر الفهرسة
وكالة الفهرسة الأصلية GCL /
وكالة النسخ GCL
082 04 - رقم تصنيف ديوى العشرى
رقم التصنيف 155.24
رقم المادة J P
100 1# - المدخل الرئيسى - إسم شخصى
الإسم الشخصى JOURARD, SIDNEY M
245 10 - بيان العنوان
العنوان PERSONAL ADJUSTMENT: AN APPROACH THROUGH THE STUDY OF HEALTHY PERSONALITY /
بيان المسئوليه,etc JOURARD, SIDNEY M
260 ## - PUBLICATION, DISTRIBUTION, ETC. (IMPRINT)
تاريخ النشر أو التوزيع 1963
300 ## - الوصف المادى
التعداد 477 P
650 04 - المدخل الاضافى بالموضوع-مصطلح موضوعى
مصطلح موضوعي PERSONALITY
650 04 - المدخل الاضافى بالموضوع-مصطلح موضوعى
مصطلح موضوعي DEVELOPMENTAL PSYCHOLOGY
650 04 - المدخل الاضافى بالموضوع-مصطلح موضوعى
مصطلح موضوعي ADJUSTMENT
650 04 - المدخل الاضافى بالموضوع-مصطلح موضوعى
مصطلح موضوعي HEALTH PERSONALITY
942 ## - عناصر المدخل الإضافي( كوها)
مصدر التصنيف او مخطط الترفيف Dewey Decimal Classification
Koha [default] item type كتاب
260 ## - PUBLICATION, DISTRIBUTION, ETC. (IMPRINT)
-- [S.N] :
-- THE MACMILLAN COMPANY ،
Holdings
حالة التراجع حالة الفقد حالة تلف ليس للاعارة المكان المؤقت الموقع الحالى تاريخ الاكتساب اجمالي اﻻعارات رقم الطلب الباركود تاريخ اخر مشاهدة تاريخ تفعيل السعر نوع وعاء كوها
        مكتبة القاهرة الكبرى مكتبة القاهرة الكبرى 03/26/2014   155.24\J P 27985 03/26/2014 03/26/2014 كتاب

Powered By

EGPV